Immagini satellitari - Europa - Morte improvvisa - Statistics

Statistiche generali
  • Questo quiz è stato fatto 126 volte
  • Il punteggio medio è 8 su 20
Answers on the Grid
Answers color-coded by a green-red scale on the quiz's grid according to % correct below.
 
Statistiche sulle risposte
Risposta % Corretto
76%
75%
55%
55%
54%
49%
45%
42%
38%
37%
37%
33%
32%
30%
29%
25%
22%
17%
17%
14%
Nessun quiz corrispondente trovato
Distribuzione punteggi
Percentuale di utenti per punteggio
Percentile per numero di risposta
I tuoi punteggi nel tempo
Non hai fatto questo quiz